Profile: George Costanza Quiz Stats

 Plays Quiz Updated Oct 28, 2018

Support Sporcle.
Go Orange.
Score 0/23 Timer 07:00
4 Plays Today
Question Answer % Correct
Longest job held in the series is with this professional teamNew York Yankees
93.8%
His fiancee dies of licking theseEnvelopes
91.2%
When Jerry's girlfriend catches George undressing in the Hamptons, he explains his 'size' because of 'significant...'Shrinkage
87.9%
George is forced to live up to his marine biologist lie when this shows upBeached Whale
83.6%
George often pretends to hold this job (he says designed the addition to the Guggenheim)Architect
83%
George's alias used throughout the showArt Vandelay
82.2%
George's fianceeSusan Ross
82.1%
A machine he buys from a pizza place plays this gameFrogger
76.6%
George follows a coworker to Ohio to tell him that this 'store' calledJerk Store
69%
What did George not receive that ends up with Elaine rubbing his head in her breasts?Christmas Card
68%
George's parents (first names)Frank and Estelle
67.9%
George hoists this up to an apartment via fishing poleMarble Rye Bread
67.2%
Question Answer % Correct
Elaine throws this object, belonging to George, out of a windowWig
66.6%
If Relationship George meets Independent George, Independent George will...Cease to exist
66%
George dates this celebrity for a short whileMarisa Tomei
64.8%
At a car dealership, a mechanic allegedly 'steals' this candy bar from GeorgeTwix
63.2%
Before running out of a burning apartment, George cannot understand how a clown doesn't know this personBozo the Clown
62.7%
The nickname George wishes he hadT-bone
58.3%
Without his glasses George mistakes this for an appleOnion
57.4%
If George was a pornstar, he would be named...Buck Naked
56.2%
A severance package, which will financially set him for 3 months, prompts George to declare what?Summer of George
55.9%
Rather than read the book, George watches the movie with a family he has never met beforeBreakfast at Tiffany's
51.8%
George schemes with Jerry all day to help Jerry pull what switch?Roommate switch
45.9%

You're not logged in!

Compare scores with friends on all Sporcle quizzes.
OR
Log In

From the Vault

Nearest US State Capitals

by dancastro

These capitals just like to get a little cozy.
Remove Ads.
Support Sporcle.
Get the best of Sporcle when you Go Orange. This ad-free experience offers more features, more stats, and more fun while also helping to support Sporcle. Thank you for becoming a member.

Show Comments

Extras

Top Quizzes Today


Score Distribution

Your Account Isn't Verified!

In order to create a playlist on Sporcle, you need to verify the email address you used during registration. Go to your Sporcle Settings to finish the process.

Report this User

Report this user for behavior that violates our Community Guidelines.

Details: